Europejskie miasta na mapie #2 - Statystyki

Ogólne statystyki
  • Ten quiz został rozwiązany 39 razy
  • Średni wynik to 27 z 35
Odpowiedzi na mapie
Odpowiedzi zakodowano w zielono-czerwonej skali na mapie do tego quizu, zgodnie z poniższymi procentami.
 
Statystyki odpowiedzi
Miasto % Poprawnych
Helsinki
97%
Kijów
97%
Oslo
97%
Ryga
97%
Wilno
97%
Barcelona
95%
Dublin
95%
Londyn
95%
Berlin
92%
Bruksela
92%
Budapeszt
92%
Gdańsk
92%
Praga
92%
Wiedeń
92%
Wrocław
92%
Mediolan
89%
Monachium
89%
Petersburg
86%
Neapol
84%
Sarajewo
84%
Tirana
84%
Rotterdam
81%
Malmo
78%
Manchester
73%
Saloniki
73%
Edynburg
70%
Reykjavik
70%
Genewa
59%
Strasburg
51%
Tuluza
46%
Kluż-Napoka
43%
Nantes
41%
Soczi
38%
Heraklion
35%
Madryt
24%
Nie znaleziono quizów pasujących do podanych kryteriów
Rozkład punktacji
Procent ludzi z każdym wynikiem
Percentyl według liczby udzielonych odpowiedzi
Twoja historia wyników
Nie rozwiązałeś tego quizu